000 01326nam a2200265Ia 4500
001 16262
003 GE_BSU
008 181216s||||||||xx |||||||||||||| ||und||
020 _aISBN 978-9941-9355-8-9
040 _cGE_BSU
080 _a342.4
100 _aგოგიაშვილი, გ. (გიორგი)
245 _aკონსტიტუციის საიდუმლოებანი = The mysteries of constitution
245 _bლექციები შედარებით-კონსტიტუციურ სამართალში
245 _cრედ. ზაურ ჯინჯოლავა
260 _aთბილისი
260 _bიურისტების სამყარო.
260 _c2014
300 _a480 გვ. ; 23 სმ.
300 _bთავფურ. ქართ. და ინგლ. - გარეკანზე სათ.: შედარებითი კონსტიტუციური სამართალი. - რეზ. ინგლ. - ბიბლიოგრ. ტექსტის შენიშვნებში.
541 _h18ლ.
653 _aკონსტიტუციური სამართალი - ლექციები;
653 _aსამართალი
942 _cBK
999 _c49345
_d49345